Statistics for Presidents By Birth State

Click here to take the quiz!

General Stats

  • This quiz has been taken 45 times
  • The average score is 28 of 45

Answer Stats

Answer% Correct
Virginia
96%
Massachusetts
88%
Virginia
88%
Massachusetts
84%
Virginia
84%
Arkansas
80%
Georgia
80%
Hawaii
80%
Massachusetts
80%
New York
80%
Virginia
80%
Kentucky
76%
New York
76%
Texas
72%
Illinois
68%
New York
68%
New York
68%
Ohio
68%
Pennsylvania
68%
California
64%
Connecticut
60%
Virginia
60%
Missouri
56%
Ohio
56%
Ohio
56%
Ohio
56%
Ohio
56%
Ohio
56%
Texas
56%
Virginia
56%
Massachusetts
52%
Ohio
52%
Pennsylvania
52%
Virginia
52%
New Hampshire
48%
Virginia
48%
Iowa
44%
North Carolina
44%
South Carolina
44%
Vermont
44%
Nebraska
40%
New York
40%
New Jersey
36%
North Carolina
36%
Vermont
28%

Score Distribution

Percentile by Number Answered

Percent of People with Each Score

Your Score History

You have not taken this quiz